MARC

LEADER 00000nab a2200000 a 4500
001 vtls000489579
003 SK-MaSNL
005 20260304014908.0
008 230313c1993 xo 0 slo
015 |a SNBRB19rr/mm-uuuuu 
035 |a CL0489717 
035 |a urn:nbn:sk:snk-abbnkw 
035 |a (urnnbn)urn:nbn:sk:snk:ar-0049ha 
035 |a (uuid)6c666029-eb0b-408b-a8b5-0438d7d604f7 
040 |a SNKBUCL  |b slo  |c SNKBUCL  |e AACR2 
041 0 |a slo 
044 |a xo  |c SK 
080 |a 801.6  |2 1981 
080 |a 801.313  |2 1981 
100 1 |a Florenskij, Pavel Aleksandrovič,  |d 1882-1937  |4 aut  |9 119755 
245 1 0 |a Mená  |c Pavel Aleksandrovič Florenskij ; Prekl. Eva Malievová 
300 |b Lit. 5 zázn. vo franc., ruš. 
650 0 7 |a umelecká literatúra  |2 snkbucl  |9 1488 
650 0 7 |a postavy literárne  |2 snkbucl  |9 979965 
650 0 7 |a osobné mená  |2 snkbucl  |9 66687 
655 7 |a články z novín a časopisov  |2 snkbucl  |9 267496 
655 7 |a články z odboru literárna veda a krásna literatúra  |2 snkbucl  |9 770045 
700 1 |a Maliti Fraňová, Eva,  |d 1953-  |4 trl  |9 163294 
773 0 |t Revue svetovej literatúry  |g Roč. 29, č. 2 (1993), s. 122-131 
850 |a Slovenská národná knižnica v Martine  |a MTA001 
852 |a SNK  |b KIS3GCP 
958 |a NB 
958 |a RK 
958 |a LX 
958 |a OND 
958 |a EUIPO 
958 |a article15 
999 |c 2588310  |d 2590240